Die Gräber des Vezirs User-Amun Theben Nr. 61 und 131 /

Bibliographic Details
Main Author: Dziobek, Eberhard
Other Authors: Hornung, Erik, Marzoni Fecia di Cossato, Yvonne
Format: Book
Language:German
Published: Mainz : Verlag Philipp von Zabern, [1994]
Series:Archäologische Veröffentlichungen (Deutsches Archäologisches Institut. Abteilung Kairo) ; 84.
Subjects:

MARC

Tag First Indicator Second Indicator Subfields
LEADER 00000cam a2200000 a 4500
001 in00001237229
005 20151003062347.0
008 950608s1994 gw af b 000 0 ger d
020 |a 3805314957 
035 |a (OCoLC)32617728 
035 |9 AGS7525AM 
040 |a CGU  |c CGU  |d NYP  |d TXA  |d UtOrBLW 
043 |a f-ua--- 
049 |a TXAM 
090 |a DT73.T3  |b D95 1994 
100 1 |a Dziobek, Eberhard. 
245 1 4 |a Die Gräber des Vezirs User-Amun Theben Nr. 61 und 131 /  |c von Eberhard Dziobek ; mit Beiträgen von Erik Hornung und Yvonne Marzoni Fecia di Cossato. 
264 1 |a Mainz :  |b Verlag Philipp von Zabern,  |c [1994] 
264 4 |c ©1994 
300 |a 106 pages, 48 pages of plates :  |b illustrations (some color) ;  |c 35 cm. 
336 |a text  |b txt  |2 rdacontent 
337 |a unmediated  |b n  |2 rdamedia 
338 |a volume  |b nc  |2 rdacarrier 
490 1 |a Archäologische Veröffentlichungen ;  |v 84 
500 |a Fifty folded plates in pocket. 
504 |a Includes bibliographical references (page 103). 
600 0 0 |a User-Amun  |x Tomb. 
650 0 |a Tombs  |z Egypt  |z Thebes (Extinct city) 
651 0 |a Egypt  |x Antiquities. 
700 1 |a Hornung, Erik. 
700 1 |a Marzoni Fecia di Cossato, Yvonne. 
830 0 |a Archäologische Veröffentlichungen (Deutsches Archäologisches Institut. Abteilung Kairo) ;  |v 84. 
999 |a MARS 
999 f f |s 8bf8138b-b7f8-352d-aa50-f3fdeba02823  |i 0adcdd7d-8714-3e0d-8117-7b4f8c5784fb  |t 0 
952 f f |p normal  |a Texas A&M University  |b College Station  |c Sterling C. Evans Library  |d Evans: Library Stacks  |t 0  |e DT73.T3 D95 1994  |f Oversize  |h Library of Congress classification  |i unmediated -- volume  |m A14819937384 
998 f f |a DT73.T3 D95 1994  |t 0  |l Evans: Library Stacks